000 00519 a2200157 4500
005 20250612093724.0
020 _a978-3-030-72330-9
082 _a658.7 IVA
100 _aIVANOV, D.
245 _aGlobal Supply Chain and Operations Management : A Decision- Oriented Introduction to the Creation of Value
250 _a3rd Ed.
260 _aLondon,
_bSpringer,
_c2021.
300 _axxxi, 673p.: Ill.; figures & table.
_bIndex
_c24cm.
700 _aTSIPOULANIDIS, A. & SCHONBERGER, J.
942 _2ddc
_cBKS
999 _c3831
_d3831